Инженерно-технический справочник по электросвязи. 6: Электропитание (Запись № 9262683)

Подробности
000 -МАРКЕР
контрольное поле 01973nam2a2200337 4500
001 - ИДЕНТИФИКАТОР ЗАПИСИ
контрольное поле rc\4048087
005 - ИДЕНТИФИКАТОР ВЕРСИИ
контрольное поле 20250611071155.0
010 ## - МЕЖДУНАРОДНЫЙ СТАНДАРТНЫЙ НОМЕР КНИГИ (ISBN)
Уточнения В пер.
Цена 29 р. 45 к.
Тираж 5500
021 ## - НОМЕР ГОСУДАРСТВЕННОЙ РЕГИСТРАЦИИ
Код страны Российская Федерация
Номер [48-26634]
035 ## - ДРУГИЕ СИСТЕМНЫЕ НОМЕРА
Идентификатор записи (NLR Aleph) 008104146
100 ## - ДАННЫЕ ОБЩЕЙ ОБРАБОТКИ
Данные общей обработки 20130415d1948 |||y0rusy50 ca
101 0# - ЯЗЫК РЕСУРСА
Язык текста, звукозаписи и т.д. русский
102 ## - СТРАНА ПУБЛИКАЦИИ ИЛИ ПРОИЗВОДСТВА
Страна публикации Российская Федерация
105 ## - ПОЛЕ КОДИРОВАННЫХ ДАННЫХ: ТЕКСТОВЫЕ МАТЕРИАЛЫ, МОНОГРАФИЧЕСКИЕ
Кодированные данные о монографическом текстовом документе a z |||||
200 1# - ЗАГЛАВИЕ И СВЕДЕНИЯ ОБ ОТВЕТСТВЕННОСТИ
Основное заглавие Электропитание
Первые сведения об ответственности [авторы: Б.А. Пионтковский, Б.С. Комаров, И.А. Казаринов и др.
Последующие сведения об ответственности редакционная коллегия: К.Я. Сергейчук и Н.А. Баев]
-- Министерство связи СССР
210 ## - ПУБЛИКАЦИЯ, РАСПРОСТРАНЕНИЕ И ДР.
Место издания, распространения и т.д. Москва
Имя издателя, распространителя и т. д. Связьиздат
Дата издания, распространения и т.д. 1948
Место изготовления в Ленинграде
Имя изготовителя 2-я типография Трансжелдориздата
215 ## - ФИЗИЧЕСКАЯ ХАРАКТЕРИСТИКА
Специфическое обозначение материала и объем 594 с., 4 л. схем.
Другие сведения о физической характеристике ил.
320 ## - ПРИМЕЧАНИЯ О НАЛИЧИИ В ДОКУМЕНТЕ БИБЛИОГРАФИИ / УКАЗАТЕЛЯ
Текст примечания Библиогр.: с. 573-577
461 #0 - УРОВЕНЬ НАБОРА
Встроенное поле 001rc\4048085
-- 2001#$aИнженерно-технический справочник по электросвязи$f[Ред. К.Я. Сергейчук и Н.А. Баев]$gМинистерство связи СССР$v6
Системный номер (АБИС) связанной записи 9262672
Место публикации Москва
Дата публикации 1942-1963
Первые сведения об ответственности Народный комиссариат связи СССР
Имя издателя, распространителя и т.д. Связьиздат
Заглавие Инженерно-технический справочник по электросвязи
Номер тома 6
606 ## - НАИМЕНОВАНИЕ ТЕМЫ КАК ПРЕДМЕТ
Наименование темы Электросвязь
Формальный подзаголовок Справочники
Тематический подзаголовок Аппаратура
-- Источники питания
Системный номер авторитетной/нормативной записи 2149739
Идентификатор авторитетной/нормативной записи RU\NLR\AUTH\661294738
686 1# - ИНДЕКСЫ ДРУГИХ КЛАССИФИКАЦИЙ
Индекс З88-421я2
701 #1 - ИМЯ ЛИЦА - АЛЬТЕРНАТИВНАЯ ОТВЕТСТВЕННОСТЬ
Начальный элемент ввода Пионтковский
Часть имени, кроме начального элемента ввода Б. А.
Расширение инициалов личного имени Бронислав Александрович
Код отношения Составитель
701 #1 - ИМЯ ЛИЦА - АЛЬТЕРНАТИВНАЯ ОТВЕТСТВЕННОСТЬ
Начальный элемент ввода Комаров
Часть имени, кроме начального элемента ввода Б. С.
Даты 1885-
Расширение инициалов личного имени Борис Сергеевич
Код отношения Составитель
701 #1 - ИМЯ ЛИЦА - АЛЬТЕРНАТИВНАЯ ОТВЕТСТВЕННОСТЬ
Начальный элемент ввода Казаринов
Часть имени, кроме начального элемента ввода И. А.
Расширение инициалов личного имени Иван Алексеевич
Код отношения Составитель
801 #0 - ИСТОЧНИК ЗАПИСИ
Страна Российская Федерация
Организация NLR
Правила каталогизации psbo
801 #1 - ИСТОЧНИК ЗАПИСИ
Страна Российская Федерация
Организация ELAR
Источник данных rusmarc
852 ## - МЕСТОНАХОЖДЕНИЕ И ШИФР ХРАНЕНИЯ
Идентификатор организации NLR
Шифр хранения (Call Number) Т94 Г-5/22 (6)
942 ## - ДОПОЛНИТЕЛЬНЫЕ ЭЛЕМЕНТЫ ЗАПИСИ (АБИС)
Тип экземпляра АБИС Книга
980 ## - КОЛЛЕКЦИЯ
Название коллекции Национальная библиография
Экземпляры
Тип экземпляра Дата поступления Библиотека постоянного хранения Библиотека текущего хранения Место хранения Шифр хранения Штрих-код Статус экземпляра
Книга 26.10.2013 РНБ (Садовая) РНБ (Садовая) Русский книжный фонд -Главное здание, Ленинский читальный зал Т94 Г-5/22 (6) 8104146-10